Statistiques concernant Culture Générale - Série 1073

Cliquez ici pour prendre le quiz!

Statistiques générales

  • Ce quiz a été pris 102 fois
  • Le résultat moyen est 7 sur 10

Statistiques - réponses

QuestionRéponse% Correct
Complétez le titre du roman de Jules Verne : "Le Tour du monde en...80 jours
98%
De quelle couleur est, traditionnellement, le drapeau qu'on hisse en cas de capitulation ?blanc
98%
Quel État du Sud des États-Unis a été baptisé en hommage au roi Louis XIV ?Louisiane
88%
En août 1572 à Paris, le jour de la fête de quel saint le massacre des protestants a-t-il eu lieu ?Barthélémy
76%
Quel grand couturier italien, prénommé Gianni, a été assassiné à Miami, le 15 juillet 1997 ?Gianni Versace
65%
Quel était le prénom de l'épouse du général de Gaulle ?Yvonne
64%
Quel est le prénom de l'épouse d'Abraracourcix dans la bande dessinée "Astérix le Gaulois" ?Bonemine
62%
Quelle série des années 1970 réunissait trois jeunes et charmantes détectives autour d'un mystérieux Charlie ?Drôles de dames
55%
De quel fim musical, sorti en 1980, les frères Jake et Elwood Blues sont-ils les héros ?Les Blues Brothers
24%
Quel cinéaste français a réalisé le film "Adèle Blanc-Sec", sorti en 2010 ?Luc Besson
24%

Distribution des résultats

Percentile par nombre de réponses

% des personnes avec chaque résultat

Votre développement - résultats

Vous n’avez pas pris ce quiz